| 000 | 01798cam a2200517 a 4500 | ||
|---|---|---|---|
| 001 | 21306 | ||
| 003 | VRT | ||
| 005 | 20260226121841.0 | ||
| 008 | 240315 2012 xo a a 000 1 slo | ||
| 015 | _aSNBA2012/07-03765 | ||
| 020 |
_a9788080896171 _q(brož.) |
||
| 035 | _a4482B7B5-E746-4448-B3F8-A5ACFA06DCC6 | ||
| 035 | _aurn:nbn:sk:snk-amjy16 | ||
| 035 | _aurn:nbn:sk:snk-am007xvj | ||
| 039 | 9 |
_a202403151740 _bVLOAD _c201511121727 _dVLOAD _c201507071650 _dVLOAD _c201401131156 _dmbpksh04 |
|
| 040 |
_aTTKJF _bslo _cTTKJF _eAACR2 |
||
| 041 | 1 |
_aslo _hcze |
|
| 044 |
_axo _cSK |
||
| 072 | 7 |
_a821-93 _xLiteratúra pre deti a mládež (beletria) _2konspekt |
|
| 080 |
_a821-93 _22001 |
||
| 080 |
_a(0.025.2) _22001 |
||
| 100 | 1 |
_aQuis, Josef, _d1964- _4aut |
|
| 245 | 1 | 0 |
_aUsilovný bágrik _cilustroval Josef Quis ; [text Hana Janoušková ; preklad Tatiana Floreková] |
| 250 | _a1. vyd. | ||
| 260 |
_aBratislava _bFragment _c2012 |
||
| 300 |
_a[9] s. _bfareb. ilustr. _c28 cm |
||
| 490 | 1 | _aČítanie pre radosť a poučenie | |
| 500 | _aKartónové listy | ||
| 500 | _aNázov z obalu | ||
| 500 | _aVytlačené naprieč | ||
| 521 | 1 | _aPre deti od 2 rokov | |
| 655 | 7 |
_aleporelá _2SNKPH |
|
| 655 | 7 |
_aPicture books for children _2SNKPHeng |
|
| 655 | 7 |
_aChildren's literature _2SNKPHeng |
|
| 655 | 7 |
_apublikácie pre deti _2SNKPH |
|
| 700 | 1 |
_aJanoušková, Hana _4aut |
|
| 700 | 1 |
_aFloreková, Tatiana _4trl |
|
| 830 | 0 | _aČítanie pre radosť a poučenie | |
| 942 |
_2ddc _cKLDE _n0 |
||
| 949 |
_63869A13541 _abpksh821-93 _bbpksh63338 |
||
| 949 |
_617A1048599 _asnkSB 83414 _bsnk2012/17104 _o1447/12 _s6100:20140925 |
||
| 949 |
_617A1048600 _asnkSB 83414 D1 _bsnk2012/17105 _o1447/12 |
||
| 949 |
_62889181698 _asavukPV 16222 _bsavuk2012/1614 |
||
| 980 | _a087.5 | ||
| 980 | _a(084) | ||
| 999 |
_c21306 _d21306 |
||